00988naa#a2200181#i#4500001001600000005001700016011001400033100004100047102000700088200020000095210016900295215001100464608004500475675015700520700005800677700005000735856002100785RU\\bibl\11968620260417075918.5##a2311-8873##a20260410b2026####ek#y0rusy0150####ca##aRU1#aУПРАВЛЕНИЕ ПРОЦЕССАМИ ПЕРЕВОЗКИ ПАССАЖИРОВ ПО ДАННЫМ ПАРАМЕТРОВ ТРАНСПОРТНОГО ПОТОКАeЖурнальная статья1#aВоронежcВоронежский государственный лесотехнический университет имени Г.Ф. Морозоваd2026##a12 с.##aЖурнальная статья2local##aЭксплуатация наземного безрельсового транспорта. Движение по улицам и дорогам. 656.1#1aСемкинgАлександр Николаевич#1aБодровgАндрей Сергеевич4#avntv.editorum.ru